El nacimiento de la política / (Registro nro. 6568)
[ vista simple ]
| 000 -LEADER | |
|---|---|
| fixed length control field | 01512nam a22003017a 4500 |
| 003 - CONTROL NUMBER IDENTIFIER | |
| control field | OSt |
| 005 - DATE AND TIME OF LATEST TRANSACTION | |
| control field | 20200220131233.0 |
| 008 - FIXED-LENGTH DATA ELEMENTS--GENERAL INFORMATION | |
| fixed length control field | 200220s1986 sp ||||gr|||| 00| 0 spa d |
| 020 ## - INTERNATIONAL STANDARD BOOK NUMBER | |
| International Standard Book Number | 8474232910 |
| 040 ## - CATALOGING SOURCE | |
| Original cataloging agency | CO-JMCR |
| Transcribing agency | CO-JMCR |
| 041 1# - LANGUAGE CODE | |
| Language code of text/sound track or separate title | spa |
| Language code of original | eng |
| 082 04 - DEWEY DECIMAL CLASSIFICATION NUMBER | |
| Classification number | 320.11 / |
| Item number | F436n |
| 100 1# - MAIN ENTRY--PERSONAL NAME | |
| Personal name | Finley, M.I., |
| Relator term | autor |
| 9 (RLIN) | 810 |
| 245 13 - TITLE STATEMENT | |
| Title | El nacimiento de la política / |
| Statement of responsibility, etc. | M.I. Finly ; traducción castellana de Teresa Sempere |
| 260 ## - PUBLICATION, DISTRIBUTION, ETC. | |
| Place of publication, distribution, etc. | Barcelona : |
| Name of publisher, distributor, etc. | Crítica, |
| Date of publication, distribution, etc. | 1986 |
| 300 ## - PHYSICAL DESCRIPTION | |
| Extent | 198 páginas ; |
| Dimensions | 20 cm. |
| 490 ## - SERIES STATEMENT | |
| Series statement | Serie general. ( estudios y ensayos) ; |
| Volume/sequential designation | 159 |
| 500 ## - GENERAL NOTE | |
| General note | Incluye indice alfabético. |
| 500 ## - GENERAL NOTE | |
| General note | Titulo origina: Politics in the ancient world |
| 504 ## - BIBLIOGRAPHY, ETC. NOTE | |
| Bibliography, etc. note | Bibliografía: páginas 185-189. |
| 505 ## - FORMATTED CONTENTS NOTE | |
| Formatted contents note | Estado, clase y poder -- Autoridad y patronazgo -- Política -- Participación popular -- Asuntos y conflictos políticos |
| 520 ## - SUMMARY, ETC. | |
| Summary, etc. | En este libro traducido a doce idiomas y convertido rápidamente en un clásico, el profesor Moses Finley, reconocido como uno de los grandes renovadores de la historia antigua, estudia las formas de gobierno de ciudades estado de Grecia y de la Roma republicana, saciedades ambas que, con diferentes instituciones y distinta historia, tenían sin embargo en común un abase económica agraria, un sistema social jerarquizado. |
| 546 ## - LANGUAGE NOTE | |
| Language note | Traducido del inglés. |
| 650 14 - SUBJECT ADDED ENTRY--TOPICAL TERM | |
| Topical term or geographic name entry element | Ciencia política |
| General subdivision | Historia |
| 9 (RLIN) | 811 |
| 650 14 - SUBJECT ADDED ENTRY--TOPICAL TERM | |
| Topical term or geographic name entry element | Roma |
| General subdivision | Política y gobierno |
| 9 (RLIN) | 812 |
| 700 1# - ADDED ENTRY--PERSONAL NAME | |
| Personal name | Sempere, Teresa, |
| Relator term | traductora |
| 9 (RLIN) | 813 |
| 942 ## - ADDED ENTRY ELEMENTS (KOHA) | |
| Source of classification or shelving scheme | Dewey Decimal Classification |
| Koha item type | Books |
| Withdrawn status | Lost status | Source of classification or shelving scheme | Damaged status | Not for loan | Home library | Current library | Shelving location | Date acquired | Coded location qualifier | Total Checkouts | Full call number | Barcode | Date last seen | Copy number | Price effective from | Koha item type |
|---|---|---|---|---|---|---|---|---|---|---|---|---|---|---|---|---|
| Dewey Decimal Classification | Biblioteca Pública José María del Castillo y Rada | Biblioteca Pública José María del Castillo y Rada | Processing Center | 12/19/2019 | $0 | 320.11 / F436n | 201809464 | 05/16/2024 | Ej.1 | 02/20/2020 | Books |